Statistics for Name the Yugioh Archetype 3

Click here to take the quiz!

General Stats

  • This quiz has been taken 24 times
  • The average score is 15 of 25

Answer Stats

MonstersArchetype% Correct
9-Volt, AAA, Micro-CellBatteryman
90%
Air Hummingbird, Flare Scarab, Grand MoleNeo-Spacian
90%
Archfiend Black Skull Dragon, Black Dragon, Lord of the RedRed-Eyes
90%
Jet Synchron, Gardna, ForwardJunk
85%
Brass Bombard, Longirsu, Harp HorrorOrcust
80%
Bushi mdl 6318 Kunamzan, Komachi mdl 224 Ninishi, Shogun mdl 00 BureiKarakuri
75%
Aileron, Sage of Wisdom - Himmel, Ace - HayateSky Striker
75%
Cirrostratus, Nimbusman, Smoke BallCloudian
70%
Chamber, Lorpar, HouseDragonmaid
70%
Ammonite, Hunter, Cosmic Fortress Gol'GarAlien
65%
Battleball, Commander Shanawo, Monk Big BenkeiSuperheavy Samurai
65%
Dragon King of Atum, Dragon of Asar, Dragon of EsetHieratic
60%
Bloom, Lilybell, LycorisTrickstar
60%
Beast - Jiujiu, Kyubi - Shenshen, Phoenix - FanfanVirtual World
60%
Wa Gon, Madame Spider, Ogre DanceP.U.N.K
55%
Heliotrope, Ophion, ThunderbirdEvilswarm
50%
Dovelgus, Harr, JormungandrGeneraider
50%
Dark Destroyer, Delta Shuttle, DOG FighterKozmo
50%
Bloom Diva, Bloom Prima, MozartaMelodious
50%
Dodododwarf Gogogoglove, General, KnightZubaba
50%
Beast, Necromancer, WildcatInfernity
40%
Genni, Madame Verre, SchmiettaWitchcrafter
40%
Dark, Past, Solitaire MagicianFortune Lady
35%
Burner, Dual Slasher, Judgment LordLaval
25%
Hydra, Chimera, Kinetic PuppeteerWatt
25%

Score Distribution

Percentile by Number Answered

Percent of People with Each Score

Your Score History

You have not taken this quiz